| 000 | 00597cam a22002291 4500 | ||
|---|---|---|---|
| 001 | sa 65003921 | ||
| 003 | DLC | ||
| 005 | 20260227112126.0 | ||
| 008 | 940922s1964 ii 000 0 telo | ||
| 010 | _asa 65003921 | ||
| 035 | _a(OCoLC)31160562 | ||
| 040 |
_aDLC _cCU _dCU _dDLC |
||
| 042 | _apremarc | ||
| 050 | 0 | 0 |
_aPL4780.9.S3428 _bA7 |
| 100 | 1 |
_aSatyanārāyaṇaśāstri, Madhunāpantula, _d1920-1992. |
|
| 245 | 1 | 0 | _aĀndhrapurāṇamu. |
| 260 | _c[1964] | ||
| 300 |
_avii, 438 p. _c22 cm. |
||
| 500 | _aIn Telugu. | ||
| 500 | _aA poem. | ||
| 651 | 0 |
_aAndhra Pradesh (India) _vPoetry. |
|
| 999 |
_c63434 _d63434 |
||